Reclamación de la tierra: la pobreza rural y las luchas de los pequeños agricultores en Brasil /
Zapisane w:
| 1. autor: | |
|---|---|
| Format: | Texto |
| Hasła przedmiotowe: | |
| Etykiety: |
Dodaj etykietę
Nie ma etykietki, Dołącz pierwszą etykiete!
|
MARC
| LEADER | 00000 a a2200000 04500 | ||
|---|---|---|---|
| 001 | 41604 | ||
| 003 | |||
| 040 | |||
| 100 | |a Navarro, Zander | ||
| 245 | |a Reclamación de la tierra: |b la pobreza rural y las luchas de los pequeños agricultores en Brasil / |c Zander Navarro | ||
| 650 | |a ORGANIZACIONES NO GUBERNAMENTALES | ||
| 650 | |a PEQUEÑOS AGRICULTORES | ||
| 650 | |a POBREZA | ||
| 650 | |a PRECARISTAS | ||
| 773 | |g volumen27, número1 (1993), pág 20-24 | ||
| 999 | |c 24681 |d 24681 | ||
